| 000 | 00395nam a2200145Ia 4500 | ||
|---|---|---|---|
| 008 | 221007s9999 xx 000 0 und d | ||
| 041 | _aeng | ||
| 082 | _bGOK | ||
| 100 |
_aGokhale Nupur S (2k81045) _9102284 |
||
| 245 | _aStudy on Awareness of the Welfare Measures Among the Employees | ||
| 260 |
_c2010 _bPune University _aPune |
||
| 300 | _a71p | ||
| 520 | _aGaikwad Anand | ||
| 906 | _bGeneral | ||
| 999 |
_c69446 _d69446 |
||